书目信息 |
| 题名: |
散养教育
|
|
| 作者: | 卢梭 著 ;成墨初 , 岳敬喜 编译 | |
| 分册: | ||
| 出版信息: | 武汉 武汉大学出版社 2018 |
|
| 页数: | 200页 | |
| 开本: | 21cm | |
| 丛书名: | ||
| 单 册: | ||
| 中图分类: | G40-095.65 , G78 | |
| 科图分类: | ||
| 主题词: | 教育思想--jiao yu si xiang--法国--近代 , 家庭教育--jia ting jiao yu | |
| 电子资源: | ||
| ISBN: | 978-7-307-20208-5 | |
| 000 | 00980nam 2200313 450 | |
| 001 | 012001003941 | |
| 005 | 20140114172740.0 | |
| 010 | @a978-7-307-20208-5@dCNY36.00 | |
| 099 | @aCAL 012019054133 | |
| 100 | @a20181107d2018 em y0chiy50 ea | |
| 101 | 1 | @achi@cfre |
| 102 | @aCN@b420000 | |
| 105 | @ay z 000yy | |
| 106 | @ar | |
| 200 | 1 | @a散养教育@Asan yang jiao yu@f(法) 让-雅克·卢梭著@g成墨初, 岳敬喜编译 |
| 210 | @a武汉@c武汉大学出版社@d2018 | |
| 215 | @a200页@d21cm | |
| 300 | @a好父母全书 | |
| 312 | @a序言题:本书据卢梭小说体教育名著《爱弥儿》编译 | |
| 517 | 1 | @a爱弥儿@Aai mi er |
| 606 | 0 | @a教育思想@Ajiao yu si xiang@y法国@z近代 |
| 606 | 0 | @a家庭教育@Ajia ting jiao yu |
| 690 | @aG40-095.65@v5 | |
| 690 | @aG78@v5 | |
| 701 | 0 | @a卢梭@Alu suo@c(Rousseau, Jean-Jacques),@f1712-1778@4著 |
| 702 | 0 | @a成墨初@Acheng mo chu@4编译 |
| 702 | 0 | @a岳敬喜@Ayue jing xi@4编译 |
| 801 | @b江苏凤凰@c20191020 | |
| 905 | @b1237458-63@dG40-095.65@e1051@f6 | |
| 散养教育/(法) 让-雅克·卢梭著/成墨初, 岳敬喜编译.-武汉:武汉大学出版社,2018 |
| 200页;21cm |
| 好父母全书 |
| ISBN 978-7-307-20208-5:CNY36.00 |
| ● |
| 相关链接 |
|
|
|
|
正题名:散养教育
索取号:G40-095.65/1051
 
预约/预借
| 序号 | 登录号 | 条形码 | 馆藏地/架位号 | 状态 | 备注 |
| 1 | 1237458 | 212374580 | 第一样本阅览室/ [索取号:G40-095.65/1051] | 在馆 | |
| 2 | 1237459 | 212374599 | 教育系资料室/ [索取号:G40-095.65/1051] | 在馆 | |
| 3 | 1237460 | 212374606 | 教育系资料室/ [索取号:G40-095.65/1051] | 在馆 | |
| 4 | 1237461 | 212374615 | 第四借阅区/ [索取号:G40-095.65/1051] | 在馆 | |
| 5 | 1237462 | 212374624 | 第四借阅区/ [索取号:G40-095.65/1051] | 在馆 | |
| 6 | 1237463 | 212374633 | 第四借阅区/ [索取号:G40-095.65/1051] | 在馆 |